| 000 | 00559nam a2200169 i 4500 | ||
|---|---|---|---|
| 001 | 23061 | ||
| 003 | ES-MaACL | ||
| 005 | 20230906152818.0 | ||
| 007 | t| | ||
| 008 | 021209s1919 sp |||| | spa d | ||
| 100 | 1 |
_aAlvarado Albo, Francisco. _9163802 |
|
| 245 | 1 | 3 |
_aLa cuestión nacionalista / _c(estudio sentimental por Francisco Alvarado (Nuño Febrero), (seud.). |
| 260 |
_aMadrid : _b[s.n.], _c1919 ( _fImp. de los hijos de M.G. Hernández) |
||
| 300 |
_a102 p. ; _c19 cm. |
||
| 650 | 4 |
_aNacionalismo- _xCataluña. _915442 |
|
| 852 |
_aES-MaACL _j1576-F-24 |
||
| 999 |
_c23061 _d23061 |
||